Statistics for Countries have at least one of 230 longest bridges in the world

Click here to take the quiz!

General Stats

  • This quiz has been taken 315 times
  • The average score is 30 of 41

Answer Stats

Hint Answer % Correct
40China
99%
65United States
98%
5Brazil
96%
3France
96%
6United Kingdom
96%
5Germany
95%
1Mexico
95%
6Canada
95%
7Russia
95%
25India
95%
5Japan
94%
3Argentina
92%
3Australia
92%
4Sweden
91%
3Italy
90%
2Indonesia
88%
4Denmark
87%
3Thailand
85%
3South Korea
84%
2Malaysia
83%
2Egypt
81%
1Greece
80%
3Portugal
79%
4Vietnam
78%
2Saudi Arabia
77%
2Pakistan
75%
1Netherlands
70%
2Taiwan
69%
1Bangladesh
62%
2Philippines
62%
3Venezuela
60%
3Romania
59%
1Nigeria
52%
1Bulgaria
50%
2Bahrain
45%
1Myanmar
40%
1Czech republic
39%
1Uruguay
39%
4HongKong
29%
1Kuwait
28%
3Mozambique
16%

Score Distribution

Percentile by Number Answered

Percent of People with Each Score

Your Score History

You have not taken this quiz